|
|
|
|
| LEADER |
03016nam a22004575i 4500 |
| 001 |
978-1-4614-9083-8 |
| 003 |
DE-He213 |
| 005 |
20131026194304.0 |
| 007 |
cr nn 008mamaa |
| 008 |
131022s2014 xxu| s |||| 0|eng d |
| 020 |
|
|
|a 9781461490838
|9 978-1-4614-9083-8
|
| 024 |
7 |
|
|a 10.1007/978-1-4614-9083-8
|2 doi
|
| 040 |
|
|
|d GrThAP
|
| 050 |
|
4 |
|a RC902-918
|
| 072 |
|
7 |
|a MJR
|2 bicssc
|
| 072 |
|
7 |
|a MED055000
|2 bisacsh
|
| 082 |
0 |
4 |
|a 616.61
|2 23
|
| 100 |
1 |
|
|a Reddi, Alluru S.
|e author.
|
| 245 |
1 |
0 |
|a Fluid, Electrolyte and Acid-Base Disorders
|h [electronic resource] :
|b Clinical Evaluation and Management /
|c by Alluru S. Reddi.
|
| 264 |
|
1 |
|a New York, NY :
|b Springer New York :
|b Imprint: Springer,
|c 2014.
|
| 300 |
|
|
|a VIII, 448 p. 46 illus., 2 illus. in color.
|b online resource.
|
| 336 |
|
|
|a text
|b txt
|2 rdacontent
|
| 337 |
|
|
|a computer
|b c
|2 rdamedia
|
| 338 |
|
|
|a online resource
|b cr
|2 rdacarrier
|
| 347 |
|
|
|a text file
|b PDF
|2 rda
|
| 505 |
0 |
|
|a Part I: Fluids - Body fluid compartments -- Interpretation of urine electrolytes and osmolality -- Renal handling of NaCl and water.-Disorders of extracellular fluid volume -- Diuretics -- Intravenous solutions -- Part II: Electrolytes - Regulation of plasma osmolality: Hyponatremia and Hypernatremia -- Renal handling of potassium: Hypokalemia and Hyperkalemia -- Renal handling of calcium: Hypocalcemia and Hypercalcemia -- Renal handling of phosphorus: Hypophosphatemia and Hyperphosphatemia -- Renal handling of magnesium: Hypomagnesemia and Hypermagnesemia -- Part III: Acid-Base - Renal acidification - Approach to the patient with acid-base disorders -- Metabolic acidosis -- Metabolic alkalosis -- Respiratory alkalosis -- Respiratory acidosis -- Mixed acid-base disorders -- Renal tubular acidosis.
|
| 520 |
|
|
|a Fluid, Electrolyte and Acid-Base Disorders: Clinical Evaluation & Management is a clear and concise presentation of the fundamentals of fluid, electrolyte and acid-base disorders frequently encountered in clinical practice. Each chapter begins with pertinent basic physiology followed by its clinical disorder. Cases for each fluid, electrolyte and acid-base disorder are discussed with answers. In addition, board-type questions with explanations are provided for each clinical disorder to increase the knowledge for the clinician. Practical and clinically oriented, this book is a handy reference for practicing physicians, students, residents and fellows.
|
| 650 |
|
0 |
|a Medicine.
|
| 650 |
|
0 |
|a Critical care medicine.
|
| 650 |
|
0 |
|a Internal medicine.
|
| 650 |
|
0 |
|a Nephrology.
|
| 650 |
1 |
4 |
|a Medicine & Public Health.
|
| 650 |
2 |
4 |
|a Nephrology.
|
| 650 |
2 |
4 |
|a Internal Medicine.
|
| 650 |
2 |
4 |
|a Intensive / Critical Care Medicine.
|
| 710 |
2 |
|
|a SpringerLink (Online service)
|
| 773 |
0 |
|
|t Springer eBooks
|
| 776 |
0 |
8 |
|i Printed edition:
|z 9781461490821
|
| 856 |
4 |
0 |
|u http://dx.doi.org/10.1007/978-1-4614-9083-8
|z Full Text via HEAL-Link
|
| 912 |
|
|
|a ZDB-2-SME
|
| 950 |
|
|
|a Medicine (Springer-11650)
|